Statistics for Random French to English - Countries

Click here to take the quiz!

General Stats

  • This quiz has been taken 464 times
  • The average score is 18 of 20

Answer Stats

FrenchEnglish% Correct
AzerbaïdjanAzerbaijan
100%
BelgiqueBelgium
100%
BulgarieBulgaria
100%
CambodgeCambodia
100%
ChypreCyprus
100%
DanemarkDenmark
100%
DominiqueDominica
100%
ÉgypteEgypt
100%
ÉthiopieEthiopia
100%
FidjiFiji
100%
GrèceGreece
100%
GuinéeGuinea
100%
HaïtiHaiti
100%
IndeIndia
100%
IsraëlIsrael
100%
Côte d'IvoireIvory Coast
100%
JaponJapan
100%
JordanieJordan
100%
KoweïtKuwait
100%
LibyeLibya
100%
MalteMalta
100%
MexiqueMexico
100%
NorvègeNorway
100%
Papouasie-Nouvelle-GuinéePapua New Guinea
100%
SénégalSenegal
100%
SlovénieSlovenia
100%
Soudan du SudSouth Sudan
100%
SyrieSyria
100%
TurquieTurkey
100%
TurkménistanTurkmenistan
100%
Viêt NamVietnam
100%
ZambieZambia
100%
Guinée-BissauGuinea-Bissau
97%
TchadChad
96%
FinlandeFinland
96%
GéorgieGeorgia
96%
IrlandeIreland
96%
JamaïqueJamaica
96%
MacédoineMacedonia
96%
MauritanieMauritania
96%
MongolieMongolia
96%
NamibieNamibia
96%
NépalNepal
96%
Nouvelle-ZélandeNew Zealand
96%
SoudanSudan
96%
TaïwanTaiwan
96%
ThaïlandeThailand
96%
AlbanieAlbania
95%
ArménieArmenia
95%
CamerounCameroon
95%
ColombieColombia
95%
République dominicaineDominican Republic
95%
IndonésieIndonesia
95%
IrakIraq
95%
KirghizistanKyrgyzstan
95%
SerbieSerbia
95%
SuisseSwitzerland
95%
YémenYemen
95%
ArgentineArgentina
94%
BéninBenin
94%
MicronésieFed. States of Micronesia
94%
GambieGambia
94%
ItalieItaly
94%
LituanieLithuania
94%
PérouPeru
94%
Sainte-LucieSaint Lucia
94%
Sao Tomé-et-PrincipeSão Tomé and Príncipe
94%
EspagneSpain
94%
TanzanieTanzania
94%
SingapourSingapore
93%
SomalieSomalia
93%
Émirats arabes unisUnited Arab Emirates
93%
ChineChina
92%
AlgérieAlgeria
91%
AustralieAustralia
91%
BahreïnBahrain
91%
BolivieBolivia
91%
BrésilBrazil
91%
ChiliChile
91%
RussieRussia
91%
AndorreAndorra
90%
BiélorussieBelarus
90%
GrenadeGrenada
90%
MonténégroMontenegro
90%
RoumanieRomania
90%
Arabie SaouditeSaudi Arabia
90%
Trinité-et-TobagoTrinidad and Tobago
90%
OugandaUganda
90%
AutricheAustria
89%
HongrieHungary
89%
Îles MarshallMarshall Islands
89%
République du CongoRep. of the Congo
89%
SlovaquieSlovakia
89%
Afrique du SudSouth Africa
89%
OuzbékistanUzbekistan
89%
CroatieCroatia
88%
MarocMorocco
88%
Antigua-et-BarbudaAntigua and Barbuda
86%
Bosnie-HerzégovineBosnia and Herzegovina
86%
EstonieEstonia
86%
MoldavieMoldova
86%
Saint-Christophe-et-NiévèsSaint Kitts and Nevis
86%
TadjikistanTajikistan
86%
Etats-UnisUnited States
86%
AllemagneGermany
85%
TunisieTunisia
85%
BarbadeBarbados
84%
République tchèqueCzech Republic
84%
MalaisieMalaysia
84%
République CentrafricaineCentral African Republic
83%
République démocratique du CongoD.R. of the Congo
83%
Guinée équatorialeEquatorial Guinea
83%
IslandeIceland
82%
SalomonSolomon Islands
81%
ComoresComoros
80%
ÉquateurEcuador
80%
Saint-Vincent-et-les-GrenadinesSt. Vincent and the Grenadines
80%
Corée du NordNorth Korea
78%
PolognePoland
78%
Corée du SudSouth Korea
78%
LibanLebanon
77%
ÉrythréeEritrea
76%
Cap-VertCape Verde
75%
Île MauriceMauritius
75%
Royaume-UniUnited Kingdom
75%
SuèdeSweden
74%
BhoutanBhutan
73%
SalvadorEl Salvador
72%
Timor orientalEast Timor
69%
PalaosPalau
68%
LettonieLatvia
63%
Saint-MarinSan Marino
61%
Pays-BasNetherlands
53%
BirmanieMyanmar
44%

Score Distribution

Percentile by Number Answered

Percent of People with Each Score

Your Score History

You have not taken this quiz